00721cam a2200217 a 450000100100000000500170001000800410002704000250006808200180009310000380011124500760014926000660022530000190029149000250031049000360033565000200037165000240039170000270041583000250044283000360046700000576820200929151757.0780601k19671975uy 000 d spa  aDO-SdBNPbspacBNPHU aU862.3bS211t1 aSánchez, Florencio,d1875-1910.10aTeatro /cFlorencio Sánchez ; selección y prólogo de Walter Rela. aMontevideo, Uruguay :b[Tall. Graf. Barreiro y Ramos],c1967. a2 v. ;c20 cm.1 aBiblioteca Artigas ;1 aClásicos uruguayos ;v121-122 4aTeatro uruguayo 4aLiteratura uruguaya1 aRela, Walter,epról. 0aBiblioteca Artigas ; 0aClásicos uruguayos ;n121-122